| 000 | 00784nam a2200229 a 4500 | ||
|---|---|---|---|
| 001 | BRCA_4528 | ||
| 005 | 20190320204714.0 | ||
| 008 | 270910s1994----mx-#######---#000-0#spa-# | ||
| 020 | _a9686664975 | ||
| 041 | _aspa | ||
| 044 | _amx | ||
| 050 | 4 |
_aPQ6347 _b.S35 1994 |
|
| 100 | 1 |
_aSalmerón, Fernando _d1925 _911469 |
|
| 245 | 1 | 0 |
_aLos estudios cervantinos de José Gaos _cFernando Salmerón ; seguido de un ensayo inédito de José Gaos y un comentario final de Carlos Montemayor. |
| 260 |
_aMéxico _bEl Colegio Nacional _c1994 |
||
| 300 |
_a120 p. _c21 cm. |
||
| 600 | 1 | 4 |
_aCervantes Saavedra, Miguel de _d1547-1616 _xCrítica e interpretación _911470 |
| 700 | 1 |
_aGaos, José _d1900-1969 _911471 |
|
| 700 | 1 |
_aMontemayor, Carlos _d1947- _911472 |
|
| 902 | _aCERV | ||
| 942 |
_2lcc _cB |
||
| 999 |
_c4234 _d4234 |
||